GENERAL KNOWLEDGE MANUAL 2011\ (Record no. 198848)
[ view plain ]
| 000 -LEADER | |
|---|---|
| fixed length control field | 00582nam a22001817a 4500 |
| 005 - DATE AND TIME OF LATEST TRANSACTION | |
| control field | 20231103162017.0 |
| 020 ## - INTERNATIONAL STANDARD BOOK NUMBER | |
| Terms of availability | 023-033-060-6 |
| 037 ## - SOURCE OF ACQUISITION | |
| Source of stock number/acquisition | DBAD/PUB |
| Stock number | 1 |
| 082 ## - DEWEY DECIMAL CLASSIFICATION NUMBER | |
| Classification number | 000 |
| 100 ## - MAIN ENTRY--PERSONAL NAME | |
| Personal name | Mohanty muktikanta |
| 245 ## - TITLE STATEMENT | |
| Title | GENERAL KNOWLEDGE MANUAL 2011\ |
| Statement of responsibility, etc | MUKTIKANTA MOHANTY |
| 260 ## - PUBLICATION, DISTRIBUTION, ETC. (IMPRINT) | |
| Place of publication, distribution, etc | DELHI |
| Name of publisher, distributor, etc | MACMILLAN PUBLISHERS INDIA LTD. |
| Date of publication, distribution, etc | 2011 |
| 270 ## - ADDRESS | |
| Address | 2/10 ANSARI ROAD, DARYAGANJ, NEW DELHI-110002 |
| 300 ## - PHYSICAL DESCRIPTION | |
| Extent | 404p. |
| Dimensions | 22cm(pbk) |
| 700 ## - ADDED ENTRY--PERSONAL NAME | |
| Personal name | MUKTIKANTA MOHANTY |
| 9 (RLIN) | 58023 |
| 710 ## - ADDED ENTRY--CORPORATE NAME | |
| Corporate name or jurisdiction name as entry element | Shah Ebadur Rahman |
| Relator term | Translator |
| 9 (RLIN) | 58008 |
| 942 ## - ADDED ENTRY ELEMENTS (KOHA) | |
| Source of classification or shelving scheme | Dewey Decimal Classification |
| Item type | English Books |
| Classification part | 000 |
| Call number suffix | GEN |
| Withdrawn status | Lost status | Not for loan | Collection code | Home library | Current library | Date acquired | Cost, normal purchase price | Full call number | Copy number | Cost, replacement price | Koha item type |
|---|---|---|---|---|---|---|---|---|---|---|---|
| Non-fiction | D.B.Act.Division | D.B.Act.Division | 26/10/2023 | 165.00 | 000 GEN | 1 | 165.00 | English Books |
